| 000 | 00600nam a2200169 i 4500 | ||
|---|---|---|---|
| 001 | 65140 | ||
| 003 | ES-MaACL | ||
| 005 | 20230906165315.0 | ||
| 007 | t| | ||
| 008 | 040109s1973 sp ||||1| spa d | ||
| 245 | 0 | 3 |
_aLa France au tableau _b: método de francés para el franelógrafo : libro del profesor : primera etapa de E.G.B. |
| 260 |
_a[Madrid] : _bS.M., _c[1973] |
||
| 300 |
_a254 p. : _bil. ; _c27 cm. |
||
| 500 | _aPrecede al tit.: Centro Experimental de Lingüística Aplicada. | ||
| 710 | 2 |
_aCentro Experimental de Lingüística Aplicada. _92736 |
|
| 852 |
_aES-MaACL _jC-56236 _bR.88846 |
||
| 999 |
_c65140 _d65140 |
||